000 00275pam a2200145 a 4500
020 _c
041 _h
100 _aByron S. Gottfried
245 _aProgramming with Pascal
250 _a IInd
260 _c1994
300 _a 425
653 _aComputer
930 _a911
999 _c246764
_d246764